Fast Typing A-Z - Statistics

General Stats
  • This quiz has been taken 97 times
    95 since last reset
  • The average score is 24 of 26
Answer Stats
Letter % Correct
a
100%
d
100%
i
100%
u
100%
b
98%
c
98%
r
98%
t
98%
w
98%
e
95%
o
95%
q
95%
f
93%
h
93%
j
93%
p
93%
s
93%
y
93%
l
90%
g
88%
k
88%
m
88%
n
88%
v
88%
x
85%
z
80%
No matching quizzes found
Score Distribution
Percent of People with Each Score
Percentile by Number Answered
Your Score History
You have not taken this quiz since the last reset